Á lódáil...

Enviornment and plant ecology

Sonraí Bibleagrafaíochta
Príomhúdar: Etherington, John R
Formáid: Printed Book
Teanga:Undetermined
English
Foilsithe: Newdelhi Wiley Eastern private Limited 1975
Ábhair:
LEADER 00579nam a2200181Ia 4500
008 140306s9999 xx 000 0 und d
020 |a 0 85226 243 4 
041 |a eng 
082 |a 581.5  |b ETH 
100 |a Etherington, John R 
245 |a Enviornment and plant ecology 
260 |a Newdelhi  |b Wiley Eastern private Limited  |c 1975 
650 |a Enviornment 
650 |a plant ecology 
650 |a soils 
942 |2 ddc  |c BK 
999 |c 66080  |d 66080 
952 |0 0  |1 0  |2 ddc  |4 0  |6 581_500000000000000_ETH  |7 0  |9 72418  |a KAUACV  |b KAUACV  |d 2004-05-25  |o 581.5 ETH  |p KAU_ACV-25143  |r 2014-03-22  |w 2014-03-22  |y BK